1108 1018 1623 1971 1491 1489 1162 1375 1304 1010 1969 1806 1426 1474 1614 1292 1980 1073 1535 1461 1285 1793 1893 1037 1478 1444 1399 1240 1398 1798 1506 1733 1401 1089 1850 1963 1501 1581 1924 1590 1667 1847 1284 1891 1801 1694 1778 1793 1233 1115 1432 1217 1834 1327 1417 1157 1952 1149 1091 1918 1728 1198 1039 1685 1873 1356 1878 1238 1372 1468 1482 1874 1629 1669 1063 1612 1199 1296 1801 1512 1781 1979 1442 1369 1783 1604 1462 1698 1500 1812 1955 1354 1233 1392 1632 1708 1773 1070 1903 BCNSPRNW ULIB Ver.6.0+V

เปลี่ยนเป็นภาษาไทย

Change to English
 แสดงรายละเอียดบรรณานุกรม
  กลับหน้าหลัก

Brief Record : Get Marc (ISO 2709) : E-mail record : QR code < ปิดหน้าต่าง
LEADER : 00000nam 2200000uu 4500
001    13399113500
003     ULIB
008    111122s2550||||th 000 0 tha d
020    ^a9789747662580
050  4 ^aBF412^bว176อ 2550
100 0  ^aวนิษา เรซ
245 10 ^aอัจฉริยะสร้างได้ /^cโดย วนิษา เรซ
250    ^aพิมพ์ครั้งที่ 1
260    ^aกรุงเทพฯ :^bred,^c2550
300    ^a179 หน้า :^bภาพประกอบ ;^c21 ซม.
650  7 ^aอัจฉริยบุคคล
653    ^aOpen Your Eyes Project
945    ^p186^l0^i022092
995    ^aทศพร
999 ^a ทศพร
รายการนี้ยังไม่มีแท็ก
คุณยังไม่ได้ล็อกอิน คุณสามารถมีกิจกรรมร่วมกับเว็บไซต์ได้ แต่ต้องล็อกอินก่อน ::
  ล็อกอิน

รายการสื่อสารสนเทศ

ลำดับที่ ประเภท เลขเรียก/บาร์โค้ด สถานที่ สถานะ
- ไม่พบข้อมูล -

รายการใกล้เคียง
    ผู้แต่ง [วนิษา เรซ]

    หัวเรื่อง [อัจฉริยบุคคล]

BibComment


ยังไม่เคยถูกคอมเมนท์

คอมเมนท์ทรัพยากรรายการนี้
  คอมเมนท์: อัจฉริยะสร้างได้..


 Copyright 2026. Bcnsprnw @Library